Music Quiz

Random Music Quiz

Ludacris Quiz Stats

 Plays Quiz not verified by Sporcle

Challenge
Share
Tweet
Embed
Score 0/18 Timer 07:00
0 Plays Today
% Correct
How Low
64.3%
Stand Up
57.1%
whats your fantasy
57.1%
My Chick Bad
50%
Get Back
50%
Money Maker
35.7%
Pimpin All Over The World
35.7%
Splash Waterfalls
28.6%
Runaway Love
21.4%
% Correct
Grew Up a Screw Up
21.4%
Roll Out
21.4%
Area Codes
21.4%
Southern Hospitality
21.4%
Sex Room
14.3%
One More Drink
7.1%
What Them Girls Like
7.1%
Number 1 Spot
7.1%
Last Of A Dying Breed
0%

You're not logged in!

Compare scores with friends on all Sporcle quizzes.
OR
Log In

You Might Also Like...

Show Comments

Extras

Created Feb 5, 2011SourceReportNominate
Tags:ludacri

Top Quizzes Today


Score Distribution

Your Account Isn't Verified!

In order to create a playlist on Sporcle, you need to verify the email address you used during registration. Go to your Sporcle Settings to finish the process.

Report this User

Report this user for behavior that violates our Community Guidelines.

Details: